The Strokes Songs - Statistics

General Stats
  • This quiz has been taken 1,001 times
    964 since last reset
  • The average score is 33 of 68
Answer Stats
Album Songs % Correct
Is This It Is This It
95%
Room on Fire Reptilia
89%
The New Abnormal The Adults Are Talking
89%
Is This It Last Nite
83%
Is This It Someday
81%
The New Abnormal Ode to the Mets
79%
The New Abnormal Selfless
75%
Room on Fire 12:51
72%
Angles Machu Picchu
71%
Is This It Soma
71%
First Impressions of Earth You Only Live Once
71%
Is This It Hard to Explain
69%
Is This It New York City Cops
69%
Is This It Barely Legal
68%
The New Abnormal Why Are Sundays So Depressing?
67%
Is This It The Modern Age
65%
The New Abnormal Brooklyn Bridge to Chorus
63%
The New Abnormal Bad Decisions
62%
Comedown Machine Call It Fate, Call It Karma
61%
The New Abnormal At the Door
60%
Room on Fire What Ever Happened?
60%
Comedown Machine Welcome to Japan
59%
Room on Fire Meet Me in the Bathroom
58%
First Impressions of Earth Razorblade
58%
First Impressions of Earth Juicebox
57%
The New Abnormal Eternal Summer
56%
Is This It Take It or Leave It
55%
Angles Under Cover of Darkness
55%
Comedown Machine 80's Comedown Machine
53%
Room on Fire Automatic Stop
52%
First Impressions of Earth Heart in a Cage
50%
Is This It Alone, Together
47%
Is This It Trying Your Luck
47%
The New Abnormal Not the Same Anymore
45%
Room on Fire The End Has No End
45%
Room on Fire Under Control
44%
Room on Fire I Can't Win
43%
Angles Life Is Simple in the Moonlight
43%
First Impressions of Earth Ize of the World
39%
Angles Taken for a Fool
39%
Comedown Machine 50/50
38%
Comedown Machine Tap Out
38%
Comedown Machine Chances
37%
Comedown Machine One Way Trigger
37%
Room on Fire You Talk Way Too Much
37%
Room on Fire Between Love & Hate
36%
First Impressions of Earth Red Light
36%
Angles Gratisfaction
35%
Angles Games
34%
Comedown Machine Slow Animals
33%
First Impressions of Earth Electricityscape
32%
Room on Fire The Way It Is
31%
Is This It When It Started
30%
First Impressions of Earth On the Other Side
29%
First Impressions of Earth 15 Minutes
28%
Angles Call Me Back
28%
First Impressions of Earth Ask Me Anything
27%
Angles Metabolism
27%
First Impressions of Earth Vision of Division
26%
Comedown Machine Partners in Crime
25%
Comedown Machine All the Time
24%
First Impressions of Earth Evening Sun
24%
First Impressions of Earth Fear of Sleep
24%
Comedown Machine Fast Animals
23%
Angles Two Kinds of Happiness
23%
Angles You're So Right
23%
Comedown Machine Happy Ending
22%
First Impressions of Earth Killing Lies
20%
No matching quizzes found
Score Distribution
Percent of People with Each Score
Percentile by Number Answered
Your Score History
You have not taken this quiz since the last reset